000
00300nam a22001217a 4500
008
230703b xxu||||| |||| 00| 0 eng d
082
_a
350.7
_b
MOP
100
_c
MOP
245
_a
Millenium Development Goals
_b
Status Report for Kenya
260
_c
2005
300
_a
various paging
942
_2
ddc
_c
BK
999
_c
3227
_d
3227